00000000nam##2200000za#4500
0019.615537
003CaOODSP
00520211126112847
007ta
008150406|2001||||xxc|||||     f|0| 0 eng|d
020 |a0-662-30119-6
022 |a1192-5434
040 |aCaOODSP|beng
043 |an-cn---
0861 |aFB3-2/101-2E
1102 |aBank of Canada.
24510|aExact non-parametric tests for a random walk with unknown drift under conditional heteroscedasticity / |cby Richard Luger.
260 |aOttawa - Ontario : |bBank of Canada |c2001.
300 |av, 25p. : |breferences, tables ; |c28 cm.
4901 |aWorking paper|x1192-5434|v2001-2
500 |a"The paper's main motive was to provide a generalization of the non-parametric bounds tests for a random walk with unknown drift proposed in Campbell and Dufour (1997)... Although the proposed methods have been illustrated with financial time series, they have general applicability. The methods will have high discriminatory power in the context of macroeconomic time series, for example, where the drift term is usually large."--Concluding remarks.
546 |aRésumés en français
563 |aSoftcover
590 |a01-49|b2001-12-07
69007|aCurrency|2gcpds
69007|aTesting|2gcpds
7201 |aLuger, Richard
7760#|tExact non-parametric tests for a random walk with unknown drift under conditional heteroscedasticity / |w(CaOODSP)9.571581
830#0|aWorking paper,|x1192-5434|v2001-2|w(CaOODSP)9.514622